000 00569nam a2200217 a 4500
001 20078
003 CO-ViMGA
008 141112s2004 ck r 000 u spa d
020 _a9588061725
040 _aCO-ViMGA
_bspa
_cCO-ViMGA
082 0 4 _aTRIb
100 1 _aArciniegas, Triunfo
_92803
245 1 0 _aLos besos de Maria
260 _aBogotá :
_bAlfaguara,
_c2002
300 _a88 p.
490 0 _aAlfaguara infantil
500 _adesde 8 años.
590 _aForma de adquisición : Premio Mincultura
650 1 4 _aCUENTOS INFANTILES
_92743
942 _2ddc
_cBK
999 _c9756
_d9756